000 00772nam a22002657a 4500
001 BR6002916
003 BR-BrBNA
005 20230928083140.0
007 ta
008 230509b bl.||||| |||| 00| 0 por d
040 _aBR-BrBNA
_bpor
_cBiblioteca Nacional de Agricultura
041 _a(Por)
072 _aF30
_b0120
090 _ 0120 BR6002916
100 1 _aGroszmann, A.
110 1 _aEscola Nacional de Agronomia, Itaguai, GB (Brasil)
_0Tese (Catedra)
_94326
245 1 _aHibridos reciprocos de milho
260 3 _aItaguai, GB (Brasil):
_c1957.
300 _a64 p.
500 _aBibliography p. 59-64 (57 ref.); Summary (Por)
650 _aMelhoramento genetico vegetal
650 _aMilho Hibrido
909 _a202309
_bLucia
_c55
_dLucia Elande
942 _cBK
999 _c11838
_d11838